| 000 | 00640nam a2200229Ia 4500 | ||
|---|---|---|---|
| 003 | OSt | ||
| 005 | 20220918192029.0 | ||
| 006 | a|||||r|||| 00| 0 | ||
| 007 | ta | ||
| 008 | 220917b |||||||| |||| 00| 0 eng d | ||
| 024 | _a66,594 | ||
| 037 | _cTextual | ||
| 040 |
_aARTS _cARTS _beng |
||
| 041 |
_2eng _aeng |
||
| 082 | _aR3xK23:9, J2 | ||
| 100 |
_aHubert Sister Marie Louise _978107 |
||
| 245 | 0 |
_aPascal's unfinished aplogy _b a study of his plan |
|
| 260 | _c1952 | ||
| 490 | _aYale romanic studies , second series; 3 | ||
| 942 |
_hR3xK23:9, J2 _cTEXL _2CC |
||
| 999 |
_c192827 _d192827 |
||